ARRUPE JESUIT UNIVERSITY

CORONAVIRUS -STOP THE SPREAD - CLEAN,DISINFECT,COVER

The principles of scientific thinking, (Record no. 123019)

MARC details
000 -LEADER
fixed length control field 00773cam a2200265 4500
001 - CONTROL NUMBER
control field 766823
005 - DATE AND TIME OF LATEST TRANSACTION
control field 20150720133446.0
008 - FIXED-LENGTH DATA ELEMENTS--GENERAL INFORMATION
fixed length control field 710115s1970 enkaf b 001 0 eng
010 ## - LIBRARY OF CONGRESS CONTROL NUMBER
LC control number 70530375
015 ## - NATIONAL BIBLIOGRAPHY NUMBER
National bibliography number B70-25225
020 ## - INTERNATIONAL STANDARD BOOK NUMBER
International Standard Book Number 0333110730
040 ## - CATALOGING SOURCE
Original cataloging agency DLC
Transcribing agency DLC
Modifying agency DLC
050 00 - LIBRARY OF CONGRESS CALL NUMBER
Classification number Q175
Item number .H3265 1970
082 00 - DEWEY DECIMAL CLASSIFICATION NUMBER
Classification number 501
100 1# - MAIN ENTRY--PERSONAL NAME
Personal name Harré, Rom.
9 (RLIN) 14104
245 14 - TITLE STATEMENT
Title The principles of scientific thinking,
Statement of responsibility, etc by R. Harré.
260 ## - PUBLICATION, DISTRIBUTION, ETC. (IMPRINT)
Place of publication, distribution, etc London,
Name of publisher, distributor, etc Macmillan,
Date of publication, distribution, etc 1970.
300 ## - PHYSICAL DESCRIPTION
Extent x, 324 p., plates.
Other physical details illus.
Dimensions 24 cm.
350 ## - PRICE (NR) (BK AM CF MU VM SE) [OBSOLETE]
Price 90/-
504 ## - BIBLIOGRAPHY, ETC. NOTE
Bibliography, etc Includes bibliographical references.
650 #0 - SUBJECT ADDED ENTRY--TOPICAL TERM
Topical term or geographic name as entry element Science
General subdivision Philosophy.
9 (RLIN) 18463
650 #0 - SUBJECT ADDED ENTRY--TOPICAL TERM
Topical term or geographic name as entry element Theory (Philosophy)
9 (RLIN) 18464
906 ## - LOCAL DATA ELEMENT F, LDF (RLIN)
a 7
b cbc
c orignew
d 3
e ncip
f 19
g y-gencatlg
942 ## - ADDED ENTRY ELEMENTS (KOHA)
Source of classification or shelving scheme Library of Congress Classification
Item type Monograph ( Printed materials)
Holdings
Withdrawn status Lost status Source of classification or shelving scheme Damaged status Not for loan Collection code Home library Current library Shelving location Date acquired Total Checkouts Full call number Barcode Date last seen Price effective from Koha item type
    Library of Congress Classification     Main Collection ARRUPE LIBRARY ARRUPE LIBRARY Main Collection 20/07/2015   Q175 .H3265 1970 46500004413 03/07/2019 20/07/2015 Monograph ( Printed materials)

 

Arrupe Library. PO Box MP320 Mt Pleasant, Harare, Zimbabwe
263 242 745411|librarian@aju.ac.zw